| 000 | 00738nam a2200229Ia 4500 | ||
|---|---|---|---|
| 003 | GCL | ||
| 008 | 140319s9999 xx 000 0 ara d | ||
| 040 |
_aGCL / _cGCL |
||
| 082 | 0 | 4 |
_a953 _bا م |
| 100 | 1 | _aابراهيم بيضون | |
| 245 | 1 | 0 |
_aملامح التيارات السياسية فى القرن الاول الهجرى / _cابراهيم بيضون |
| 300 | _a397 ص | ||
| 490 | _a | ||
| 650 | 0 | 4 | _aالخلافة |
| 650 | 0 | 4 | _aالفتوحات الاسلامية |
| 650 | 0 | 4 | _aالتاريخ الاسلامى |
| 650 | 0 | 4 | _aالدولة الاموية |
| 650 | 0 | 4 | _aعمر بن الخطاب |
| 650 | 0 | 4 | _aالقرن الاول الهجرى |
| 650 | 0 | 4 | _aالعالم العربى - تاريخ |
| 942 |
_2ddc _cBK |
||
| 999 |
_c39077 _d39077 |
||